000 00630cam a22002293a 4500
001 6903
003 PGUSA
005 20140828083138.0
008 041101s2004||||xxu|||||s|||||000 1 eng d
040 _aPGUSA
_beng
042 _adc
050 4 _aPS
100 1 _aBellamy, Edward,
_d1850-1898
245 1 0 _aMiss Ludington's Sister
_h[electronic resource] /
_cEdward Bellamy
260 _bProject Gutenberg,
_c2004
506 _aPublic domain in the USA.
516 _aElectronic text
653 _aImmortality -- Fiction
830 0 _aProject Gutenberg
_v6903
856 4 0 _uhttp://www.gutenberg.org/ebooks/6903
942 _cEB
999 _c236223
_d236223